01340nam a2200337 ia4500003000400000005001700004008004100021020003900062040002700101082001200128090001700140100003600157245004600193264005100239264001100290300008200301336002100383337002500404338002300429490003700452500002100489520027200510521001500782650004300797650003200840650003700872650002600909830003700935942001100972999001900983OSt20260525104803.0260521t20252025nyuoab br 001 0 eng d a9781510566989cRM137.50qhardback  aPPAK bengcPPAKerda 04a53022300a530bOGD dK1 aOgden, Lesley Evans, eauthor. 10aFORCES and MOTION / cLESLEY EVANS OGDEN  1aNew York : bLightbox Learning Inc., c[2025?] 4c©2025 a24 pages : bcolour photographs, colour illustrations, colour maps ; c26 cm  atext2rdacontent aunmediated2rdamedia avolume2rdacarrier1 aTHE BEGINNER'S GUIDE TO PHYSICS  aIncludes index.  aForce refers to the action of pushing or pulling something. Forces can cause objects to move, face a different direction, or change shape. An object's change in position is called motion. Find out more in Forces and Motion, a title in The Beginner's Guide to Physics. aAges 8-11.10aForce and energy vJuvenile literature20aMotionvJuvenile literature20aPhysics vJuvenile literature 20aScience for children  0aThe beginner's guide to Physics  2ddccB c204409d204409